Detalles MARC
| 000 -CABECERA |
| campo de control de longitud fija |
00970nam a2200253 a 4500 |
| 001 - NÚMERO DE CONTROL |
| campo de control |
000034773 |
| 005 - FECHA Y HORA DE LA ÚLTIMA TRANSACCIÓN |
| campo de control |
20230417152700.0 |
| 008 - DATOS DE LONGITUD FIJA--INFORMACIÓN GENERAL |
| campo de control de longitud fija |
111019s1968 xxua 000 d spa d |
| 040 ## - FUENTE DE LA CATALOGACIÓN |
| Centro catalogador/agencia de origen |
DO-SdBNP |
| Lengua de catalogación |
eng |
| Centro/agencia transcriptor |
BNPHU |
| 082 ## - NÚMERO DE LA CLASIFICACIÓN DECIMAL DEWEY |
| Número de clasificación |
822.33 |
| Número de documento/Ítem |
S527t |
| 100 1# - ENTRADA PRINCIPAL--NOMBRE DE PERSONA |
| Nombre de persona |
Shakespeare, William |
| 9 (RLIN) |
60053 |
| 245 10 - MENCIÓN DE TÍTULO |
| Título |
Titus andronicus / |
| Mención de responsabilidad, etc. |
William Shakespeare ; editores Louis B. Wright, Virginia A. Lamar. |
| 260 ## - PUBLICACIÓN, DISTRIBUCIÓN, ETC. |
| Lugar de publicación, distribución, etc. |
New York, : |
| Nombre del editor, distribuidor, etc. |
Washington Square, |
| Fecha de publicación, distribución, etc. |
1968. |
| 300 ## - DESCRIPCIÓN FÍSICA |
| Extensión |
xlv, 100 p. : |
| Otras características físicas |
il. ; |
| Dimensiones |
17 p. |
| 490 1# - MENCIÓN DE SERIE |
| Mención de serie |
The Folger Library general reader's Shakespeare |
| Designación de volumen o secuencia |
W0141 |
| 504 ## - NOTA DE BIBLIOGRAFÍA, ETC. |
| Nota de bibliografía, etc. |
Bibliografía: p. xxiv-xliii. |
| 590 ## - NOTA LOCAL (RLIN) |
| Nota local |
Perteneció a la biblioteca personal de Juan Isidro Jimenes Grullón. |
| 650 #4 - PUNTO DE ACCESO ADICIONAL DE MATERIA--TÉRMINO DE MATERIA |
| Término de materia o nombre geográfico como elemento de entrada |
Drama inglés |
| 9 (RLIN) |
42705 |
| 650 #0 - PUNTO DE ACCESO ADICIONAL DE MATERIA--TÉRMINO DE MATERIA |
| Término de materia o nombre geográfico como elemento de entrada |
Teatro inglés |
| 9 (RLIN) |
6749 |
| 700 12 - PUNTO DE ACCESO ADICIONAL--NOMBRE DE PERSONA |
| Nombre de persona |
Wright, Louis B., |
| Término indicativo de función/relación |
ed. |
| 9 (RLIN) |
60263 |
| 700 12 - PUNTO DE ACCESO ADICIONAL--NOMBRE DE PERSONA |
| Nombre de persona |
Lamar, Virginia A., |
| Término indicativo de función/relación |
ed. |
| 9 (RLIN) |
60264 |
| 830 #0 - PUNTO DE ACCESO ADICIONAL DE SERIE-TÍTULO UNIFORME |
| Título uniforme |
The Folger Library general reader's Shakespeare |
| Número de parte o sección de la obra |
W0141 |
| 9 (RLIN) |
60265 |
| 910 ## - DATOS DE OPCIÓN DEL USUARIO (OCLC) |
| Datos de opción del usuario |
Validado. Control de calidad MFF |